00426pab a2200133 454500008004000000100002600040245009200066260000900158300001500167650000800182650002800190700002300218773005100241180718b2006 xxu||||| |||| 00| 0 eng d aFirestone, Yuanita M. aSupport and opposition for invading Iraq: did the President's speech make a difference? c2006 ap.895-909. aWar aInternational relations aHarris, Richard J. aInternational Journal of Public Administration